| 000 | 01176 a2200169 4500 | ||
|---|---|---|---|
| 003 | Nust | ||
| 005 | 20170207164334.0 | ||
| 040 | _cNust | ||
| 082 | _a663.22 | ||
| 100 | _aDavis,Michael | ||
| 245 |
_aCode Making(E BOOK) _bHow Software Engineering Became a Profession _cMichael Davis |
||
| 260 |
_aChicago _bIllinois Institute of Technology _c2009 |
||
| 300 | _a401p | ||
| 505 | _aTable of Contents Preface 4 Chapter 1: This History, Professions, and their Ethics 12 Part One: Slow Starts and Wrong Turns Chapter 2: Before SEEPP, 1968-1994 25 Chapter 3: SEEPP Begins, 1994 44 Chapter 4: Failing—by the book, 1995 68 Chapter 5: Version 1, The Miracle of ’96 90 Chapter 6: The High Politics of 1996 126 Part Two: 1997—Three Versions in One Year Chapter 7: Winter Whirlwind, Version 2.0 156 Chapter 8: English Spring, Version 2a-2.1 194 Chapter 9: Back in the USA, Version 3 237 Chapter 10: Slogging toward “Version 4.DONE” 271 Part Three: Looking for Closure Chapter 11: The Long Process of Approval, 1998 312 Chapter 12: End Game, Version 5.2, 1999-2000 354 Epilogue: Lessons for Code Writers, Theorists, and Researchers 374 4 | ||
| 538 | _aE-Book | ||
| 650 | _aCode Making | ||
| 942 |
_2ddc _cBK |
||
| 999 |
_c208659 _d208659 |
||